| 000 | 00000nam##2200000za#4500 |
| 001 | 9.645464 |
| 003 | CaOODSP |
| 005 | 20241203113634 |
| 007 | ta |
| 008 | 150407|1994||||xxc||||| f|0| 0 eng|d |
| 020 | |a0-662-21411-0 |
| 040 | |aCaOODSP|beng |
| 043 | |an-cn--- |
| 086 | 1 |aEn21-125/1994E |
| 110 | 1 |aCanada. |bEnvironment Canada. |
| 245 | 10|aCanada's national report on climate change : |bactions to meet commitments under the United Nations Framework Convention On Climate Change |
| 260 | |aOttawa - Ontario : |bEnvironment Canada |c1994. |
| 300 | |ax, 144p. : |bfigs., graphs, references, tables ; |c28 cm. |
| 500 | |aContents: Introduction.--Possible impacts of climate change on Canada.--Canada and greenhouse gas emissions.--Canada's framework for action.--Measures to mitigate climate change.--Climate change adaption.--Increasing public awareness of climate change.--Understanding climate change.--Improving decision making.--International co-operation.--Canada's national inventory of anthropogenic greenhouse gas emissions.--Climate change indicators.--Canada's national emissions outlook.--Case study of carbon dioxide emissions associated with space heating in new single-family homes.--Looking into the future.--References. |
| 563 | |aSoftcover |
| 590 | |a94-07|b1994-02-18 |
| 690 | 07|aClimate|2gcpds |
| 775 | 08|tLe rapport national du Canada sur les changements climatiques : |w(CaOODSP)9.679141 |
| 776 | 0#|tCanada's national report on climate change |w(CaOODSP)9.694861 |